000 00857nam a2200217Ia 4500
003 GCL
008 140319s9999 xx 000 0 ara d
040 _aGCL /
_cGCL
082 0 4 _a239.6
_bا ق
100 1 _aاحمد بن حجر ال بوطامى البنعلى
245 1 0 _aالقول الاقوم فى عموم رسالة سيدنا محمد الى جميع الامم ويليه الاوله الساطعات فى اثبات المعجزات والكرامات /
_cاحمد بن حجر ال بوطامى البنعلى
300 _a149 ص
490 _a
650 0 4 _aالسيرة النبوية
650 0 4 _aعصر الجهاد فى سبيل نشر الدعوة
650 0 4 _aالقران - تفسير
650 0 4 _aاخلاق الرسول
650 0 4 _aالصحابة والتابعون
650 0 4 _aالكرامات
942 _2ddc
_cBK
999 _c40412
_d40412